University Home | Library Home | Institutional Repository

Structuralism, (Record no. 145554)

MARC details
000 -LEADER
fixed length control field 00794cam4a220025300 4500
001 - CONTROL NUMBER
control field lce00791114
008 - FIXED-LENGTH DATA ELEMENTS--GENERAL INFORMATION
fixed length control field 700622c19701966nyu b 000 0 eng
010 ## - LIBRARY OF CONGRESS CONTROL NUMBER
LC control number 72097701
020 ## - INTERNATIONAL STANDARD BOOK NUMBER
Terms of availability 1.45
035 ## - SYSTEM CONTROL NUMBER
System control number (Sirsi) r98899
035 ## - SYSTEM CONTROL NUMBER
System control number (DLC) 72097701
035 ## - SYSTEM CONTROL NUMBER
System control number (UPRA)lce00791114
050 0# - LIBRARY OF CONGRESS CALL NUMBER
Classification number B841.4
Item number .E34
082 ## - DEWEY DECIMAL CLASSIFICATION NUMBER
Classification number 149/.9
100 1# - MAIN ENTRY--PERSONAL NAME
Personal name Ehrmann, Jacques.
Linkage A57529.1
245 10 - TITLE STATEMENT
Title Structuralism,
Statement of responsibility, etc. edited with an introd. by Jacques Ehrmann.
250 ## - EDITION STATEMENT
Edition statement [1st ed.]
260 ## - PUBLICATION, DISTRIBUTION, ETC.
Place of publication, distribution, etc. Garden City, N.Y.,
Name of publisher, distributor, etc. Anchor Books,
Date of publication, distribution, etc. 1970 [c1966]
500 ## - GENERAL NOTE
General note "The present volume appeared in 1966 as a special issue of Yale studies."
504 ## - BIBLIOGRAPHY, ETC. NOTE
Bibliography, etc. note Bibliography: p. [239]-263.
650 #0 - SUBJECT ADDED ENTRY--TOPICAL TERM
Topical term or geographic name entry element Structuralism.
Linkage S23820.1
949 ## - LOCAL PROCESSING INFORMATION (OCLC)
a B841.4
w lcc
i -140936
m MAIN
t BOOK
l ON-SHELF

No items available.

© 2026 - The University of Zambia Library - Koha v25.11